| 000 | 00993nam a2200301Ia 4500 | ||
|---|---|---|---|
| 003 | OSt | ||
| 005 | 20221006155837.0 | ||
| 006 | a|||||r|||| 00| 0 | ||
| 007 | ta | ||
| 008 | 221006b |||||||| |||| 00| 0 eng d | ||
| 020 |
_a9780801446894 _c£34.50 |
||
| 024 | _a43,660 | ||
| 037 |
_b360, 27/05/2013, Dhanraj Book House _cTextual |
||
| 040 |
_aEASL _cEASL _beng |
||
| 041 |
_2eng _aeng |
||
| 082 | _aX56.49B.P07, P9 | ||
| 100 |
_aGrimes William W. _9666887 |
||
| 245 | 0 |
_aCurrency and contest in East Asia _b The great power politics of financial regionalism |
|
| 260 |
_aIthaca _bCornell University Press _c2009 |
||
| 300 |
_a274p. _ccm. |
||
| 490 |
_v Oth _aCornell studies in money |
||
| 650 | _a East Asia - Foreign economic relations | ||
| 650 | _a JEL | ||
| 650 | _a Regionalism - East Asia | ||
| 650 | _aFinance - East Asia | ||
| 942 |
_hX56.49B.P07, P9 _cTEXL _2CC |
||
| 999 |
_c1111746 _d1111746 |
||